00661nam a2200205Ia 450000500170000000800410001704000190005804100120007708200150008910000420010424500540014626000420020030000120024244000600025450400500031465000230036465100260038770000320041385000100044520230213085312.0131103s9999 xx 000 0 und d aLoreto College aEnglish a820.9bCHE aChesterton, [Gilber Kieth], 1874-1936 4aThe Victorian age in literaturecG. K. Chesterton aLondonbOxford University Pressc1961 a159 p.  aThe Home university library of modern knowledge; no. 70 aIncludes bibliographical references and index aEnglish Literature aHistory and Criticism aMurray, Gilbert, series ed. aLCLIB